[Event "Junior Online 4NCL Division 2"]
[Site "online"]
[Date "2020.11.12"]
[Round "7.75"]
[White "Ravithas, Ashwin"]
[Black "Benson, Alice"]
[Result "1-0"]
[WhiteElo "1390"]
[BlackElo "740"]
[PlyCount "125"]
[EventDate "2020.11.12"]
[WhiteTeam "St Albans Early Knights 2"]
[BlackTeam "Phones Juniors B"]

1. e4 e5 2. Nf3 Nc6 3. Bc4 Bc5 4. Nc3 d6 5. h3 Nf6 6. d3 O-O 7. Bg5 h6 8. Bh4
Qe7 9. Nd5 Qd8 10. Nxf6+ gxf6 11. O-O Kh7 12. c3 Rg8 13. Kh2 Be6 14. Bxe6 fxe6
15. Nd2 Qf8 16. Qf3 f5 17. exf5 exf5 18. g4 fxg4 19. Qxf8 Raxf8 20. Bg3 gxh3
21. Kxh3 Ne7 22. a4 Nf5 23. b4 Nxg3 24. fxg3 Be3 25. Ne4 Bg5 26. Nxg5+ hxg5 27.
Kg4 Kg6 28. Rh1 Rh8 29. Rxh8 Rxh8 30. Rf1 Rh7 31. Rf5 Rh5 32. Rf8 Rh7 33. Rg8+
Rg7 34. Rxg7+ Kxg7 35. Kxg5 c6 36. Kf5 Kf7 37. g4 b5 38. axb5 cxb5 39. g5 Ke7
40. g6 a6 41. g7 Kf7 42. g8=Q+ Kxg8 43. Ke6 Kg7 44. Kxd6 Kf6 45. Kc6 Ke6 46.
Kb6 Kd5 47. Kxa6 Kc6 48. Ka5 e4 49. dxe4 Kd6 50. Kxb5 Ke5 51. c4 Kxe4 52. c5
Ke5 53. c6 Kd6 54. Kb6 Kd5 55. c7 Kc4 56. b5 Kb4 57. c8=Q Kb3 58. Ka6 Kb4 59.
b6 Kb3 60. b7 Kb2 61. b8=Q+ Ka3 62. Qc3+ Ka2 63. Qcb2# 1-0

[Event "Junior Online 4NCL Division 2"]
[Site "online"]
[Date "2020.11.12"]
[Round "7.76"]
[White "Arya, Aadit"]
[Black "Cham, Alex"]
[Result "1-0"]
[WhiteElo "622"]
[BlackElo "1285"]
[PlyCount "123"]
[EventDate "2020.11.12"]
[WhiteTeam "Phones Juniors B"]
[BlackTeam "St Albans Early Knights 2"]

1. e4 c6 2. Nf3 d5 3. exd5 cxd5 4. d4 Bf5 5. Nc3 e6 6. Bf4 Bd6 7. Qd2 Nf6 8.
Nb5 Bxf4 9. Qxf4 Qb6 10. Nc7+ Kd7 11. Nxa8 Qxb2 12. Qc7+ Ke8 13. Qxb8+ Ke7 14.
Qc7+ Kf8 15. Qd8+ Ne8 16. Rd1 Qc3+ 17. Nd2 Qb2 18. Nc7 g5 19. Qxe8+ Kg7 20. Qe7
Bxc2 21. Qxg5+ Kf8 22. Qh6+ Ke7 23. Nxd5+ exd5 24. Qe3+ Kd8 25. Qg5+ Kc7 26.
Qe5+ Kd8 27. Qxh8+ Kc7 28. Be2 Bxd1 29. Bxd1 Qxa2 30. O-O a5 31. Nf3 a4 32.
Qe5+ Kc6 33. Be2 a3 34. Qe8+ Kb6 35. Ne5 Qb2 36. Bd3 a2 37. Qd8+ Ka7 38. Qa5+
Kb8 39. Nd7+ Kc8 40. Bf5 Qxd4 41. Nb6+ Kb8 42. Nxd5 Qf4 43. Qc7+ Qxc7 44. Nxc7
Kxc7 45. Ra1 Kd6 46. Rxa2 Kc5 47. Rb2 b5 48. Bd3 b4 49. f4 Kd4 50. Bc2 Kc3 51.
Ra2 b3 52. Bxb3 Kxb3 53. Re2 f5 54. Re7 h6 55. Rh7 Kc4 56. Rxh6 Kd4 57. Rf6 Ke4
58. g3 Kf3 59. Rxf5 Kg4 60. Rg5+ Kh3 61. Kf2 Kxh2 62. Rh5# 1-0

[Event "Junior Online 4NCL Division 2"]
[Site "online"]
[Date "2020.11.12"]
[Round "7.77"]
[White "Shaporenkov, Robert"]
[Black "Railwani, Tavish"]
[Result "1-0"]
[WhiteElo "1322"]
[BlackElo "100"]
[PlyCount "93"]
[EventDate "2020.11.12"]
[WhiteTeam "St Albans Early Knights 2"]
[BlackTeam "Phones Juniors B"]

1. d4 d5 2. Bf4 Nc6 3. e3 Bf5 4. Nd2 Nb4 5. Rc1 Qd7 6. Ngf3 e6 7. a3 Nc6 8. c4
Bd6 9. Bxd6 Qxd6 10. Be2 Nf6 11. O-O O-O 12. b4 Rad8 13. Qb3 a5 14. c5 Qe7 15.
Rfe1 Bg4 16. Bd1 Bxf3 17. Bxf3 b6 18. e4 Qd7 19. Qc3 axb4 20. axb4 Rfe8 21.
cxb6 cxb6 22. Qxc6 Qxc6 23. Rxc6 h6 24. exd5 exd5 25. Rxe8+ Rxe8 26. g3 Re1+
27. Kg2 Nh7 28. Rxb6 Ng5 29. Bxd5 h5 30. Ra6 g6 31. b5 Re8 32. b6 Kg7 33. b7
Rb8 34. Ra8 Rxb7 35. Bxb7 Ne6 36. g4 hxg4 37. h3 gxh3+ 38. Kxh3 Nxd4 39. f4 Ne2
40. Ne4 Nxf4+ 41. Kg4 Ne6 42. Bd5 Nc7 43. Rd8 f5+ 44. Kf4 fxe4 45. Rd7+ Kf6 46.
Rxc7 e3 47. Rf7# 1-0

[Event "Junior Online 4NCL Division 2"]
[Site "online"]
[Date "2020.11.12"]
[Round "7.78"]
[White "Mittal, Advik"]
[Black "Owladi, Dara"]
[Result "0-1"]
[WhiteElo "100"]
[BlackElo "1315"]
[PlyCount "126"]
[EventDate "2020.11.12"]
[WhiteTeam "Phones Juniors B"]
[BlackTeam "St Albans Early Knights 2"]

1. e4 e5 2. Nf3 Nc6 3. Bc4 Bc5 4. O-O Nf6 5. Ng5 O-O 6. Nc3 h6 7. Nf3 d6 8. h3
Be6 9. Bxe6 fxe6 10. d3 d5 11. Be3 d4 12. Na4 dxe3 13. Nxc5 Qc8 14. fxe3 b6 15.
Nb3 Qb7 16. d4 exd4 17. exd4 Nxe4 18. Qe1 Ne7 19. Qb4 Nf5 20. Rac1 Nfg3 21.
Rfe1 b5 22. c4 c6 23. Na5 Qa6 24. cxb5 cxb5 25. Rc6 Qxc6 26. Nxc6 Rfc8 27. Ne7+
Kf7 28. Nxc8 Rxc8 29. Ne5+ Kg8 30. Qe7 Rc2 31. Qf7+ Kh7 32. Qg6+ Kg8 33. Nf7
Rxb2 34. Nxh6+ Kh8 35. Qe8+ Kh7 36. Nf7 Nf6 37. Qh8+ Kg6 38. Ne5+ Kf5 39. Qh4
Ne2+ 40. Kh2 Nxd4 41. Rf1+ Kxe5 42. Qe1+ Re2 43. Qd1 Rxa2 44. Re1+ Kd5 45. Qc1
Nf3+ 46. Kh1 Nxe1 47. Qxe1 Ne4 48. Qd1+ Rd2 49. Qb3+ Kd4 50. Qxe6 b4 51. Qd7+
Kc3 52. Qxg7+ Kb3 53. Qxa7 Nc3 54. Qe3 Kc2 55. Qf4 b3 56. Qf5+ Kc1 57. Qf1+ Rd1
58. Qxd1+ Nxd1 59. h4 b2 60. h5 b1=Q 61. h6 Qh7 62. Kg1 Qxh6 63. Kf1 Qe3 0-1

[Event "Junior Online 4NCL Division 2"]
[Site "online"]
[Date "2020.11.12"]
[Round "7.81"]
[White "Rich, Aaron"]
[Black "Sapsford, Oliver"]
[Result "1-0"]
[WhiteElo "1615"]
[BlackElo "1442"]
[PlyCount "50"]
[EventDate "2020.11.12"]
[WhiteTeam "Hull and Friends 2"]
[BlackTeam "Border Bandits 1"]

1. b3 e6 2. Bb2 d5 3. e3 Nf6 4. Nf3 c5 5. Ne5 Nbd7 6. f4 Nxe5 7. fxe5 Ne4 8.
Bb5+ Bd7 9. Bxd7+ Qxd7 10. O-O g6 11. d3 Ng5 12. Qg4 h6 13. Nd2 O-O-O 14. Rac1
Qe7 15. c4 h5 16. Qg3 Kb8 17. cxd5 exd5 18. e6+ Ka8 19. Bxh8 Bh6 20. Bf6 Qd6
21. Bxd8 Qxd8 22. exf7 Qf8 23. Qc7 Ne6 24. Qe5 Nd8 25. Qe8 Qxf7 1-0

[Event "Junior Online 4NCL Division 2"]
[Site "online"]
[Date "2020.11.12"]
[Round "7.82"]
[White "Goodwin, Robert Rhys"]
[Black "Triffitt, Bradley"]
[Result "0-1"]
[WhiteElo "1318"]
[BlackElo "1555"]
[PlyCount "98"]
[EventDate "2020.11.12"]
[WhiteTeam "Border Bandits 1"]
[BlackTeam "Hull and Friends 2"]

1. e4 c5 2. Nf3 Nc6 3. d4 cxd4 4. Nxd4 g6 5. Be3 Bg7 6. Nc3 Nf6 7. Bc4 O-O 8.
Nf3 d6 9. h3 Bd7 10. Qd2 Rc8 11. O-O Nb4 12. Bb3 a6 13. a3 Nc6 14. Rfe1 Qa5 15.
Qd3 Qh5 16. h4 Bg4 17. Bd2 Bxf3 18. Qxf3 Qxh4 19. Bf4 Nh5 20. Bh2 Ne5 21. Qe3
Ng4 22. Qh3 Qxf2+ 23. Kh1 Qxe1+ 24. Rxe1 Nf2+ 25. Kg1 Nxh3+ 26. gxh3 Bxc3 27.
bxc3 Rxc3 28. Kg2 Nf6 29. e5 dxe5 30. Bxe5 Rc5 31. Bg3 e6 32. Kh2 Rd8 33. Bf2
Rd2 34. Kg1 Rg5+ 35. Kf1 Rf5 36. Re2 Rxe2 37. Kxe2 Ne4 38. Be3 Rh5 39. Kd3 Nd6
40. Bc4 Nxc4 41. Kxc4 Rxh3 42. Bb6 Rh4+ 43. Kb3 Rg4 44. c4 Kf8 45. Kb4 Ke7 46.
Bc5+ Kd7 47. a4 h5 48. Be3 Kc6 49. Kb3 Rg3 0-1

[Event "Junior Online 4NCL Division 2"]
[Site "online"]
[Date "2020.11.12"]
[Round "7.83"]
[White "Wood, Philip A"]
[Black "Brown, Kingsley"]
[Result "0-1"]
[WhiteElo "1532"]
[BlackElo "1300"]
[PlyCount "156"]
[EventDate "2020.11.12"]
[WhiteTeam "Hull and Friends 2"]
[BlackTeam "Border Bandits 1"]

1. d4 d5 2. Nc3 Nf6 3. Bf4 Bf5 4. Nf3 Nc6 5. e3 e6 6. Bd3 Bxd3 7. cxd3 Bb4 8.
Qd2 O-O 9. a3 Ba5 10. O-O Re8 11. Rfe1 Qd7 12. Rac1 Re7 13. h3 Rae8 14. Bh2 h6
15. b4 Bb6 16. Na2 a5 17. b5 Na7 18. a4 c6 19. Ne5 Qc8 20. bxc6 bxc6 21. Qc3
Bc7 22. Nxc6 Bxh2+ 23. Kxh2 Rc7 24. Nxa7 Rxc3 25. Nxc8 Rcxc8 26. Nc3 e5 27.
dxe5 Rxe5 28. d4 Re6 29. Nb5 Rxc1 30. Rxc1 g5 31. Rc5 Ne4 32. Rxd5 Nxf2 33. Kg3
Nd1 34. Re5 Rxe5 35. dxe5 Nxe3 36. Kf3 Nd5 37. Ke4 Nf4 38. Kf3 Kg7 39. Nd4 Kg6
40. Nb5 Kf5 41. Nd6+ Ke6 42. Nc4 Ng6 43. Ke4 Nf4 44. Kf3 Nd3 45. Ke4 Nc5+ 46.
Kd4 Nxa4 47. Nd6 Nb6 48. Kc5 Kxe5 49. Nxf7+ Kf6 50. Nxh6 a4 51. Kb4 Kg6 52. Ng4
Kf5 53. Ne3+ Kf4 54. Nc4 Nxc4 55. Kxc4 a3 56. Kb3 Kg3 57. Kxa3 Kxg2 58. Kb4
Kxh3 59. Kc4 Kg3 60. Kd3 g4 61. Ke2 Kg2 62. Ke3 g3 63. Ke2 Kh1 64. Kf1 g2+ 65.
Kf2 g1=Q+ 66. Kf3 Kh2 67. Kf4 Kh3 68. Kf5 Qd4 69. Ke6 Qc5 70. Kd7 Qb6 71. Ke7
Kg4 72. Kd7 Kf5 73. Ke7 Qe6+ 74. Kd8 Qf7 75. Kc8 Ke5 76. Kb8 Kd6 77. Ka8 Kc6
78. Kb8 Qb7# 0-1

[Event "Junior Online 4NCL Division 2"]
[Site "online"]
[Date "2020.11.12"]
[Round "7.84"]
[White "Wynn, Jacob"]
[Black "Meredith, Daniel"]
[Result "1-0"]
[WhiteElo "1186"]
[BlackElo "1247"]
[PlyCount "67"]
[EventDate "2020.11.12"]
[WhiteTeam "Border Bandits 1"]
[BlackTeam "Hull and Friends 2"]

1. e4 c5 2. Nf3 d6 3. Bc4 Nc6 4. Nc3 Nf6 5. d4 cxd4 6. Nxd4 g6 7. Nf3 Bg7 8.
Bg5 O-O 9. O-O Bd7 10. Qd3 Qc7 11. Rad1 Rac8 12. b3 Rfd8 13. Nd5 Nxd5 14. Bxd5
Bg4 15. Qe3 Ne5 16. Nxe5 Bxe5 17. f3 Be6 18. Bxe6 fxe6 19. c4 b6 20. f4 Bg7 21.
Qh3 Qd7 22. Qh4 Re8 23. Rf3 h5 24. f5 exf5 25. exf5 gxf5 26. Qxh5 Qe6 27. Rg3
Rf8 28. Rh3 Bd4+ 29. Kf1 Rf7 30. Rxd4 Qe5 31. Rdh4 Qa1+ 32. Ke2 Qb2+ 33. Bd2
Qe5+ 34. Kd3 1-0

[Event "Junior Online 4NCL Division 2"]
[Site "online"]
[Date "2020.11.12"]
[Round "7.85"]
[White "Sapsford, Oliver"]
[Black "Rich, Aaron"]
[Result "0-1"]
[WhiteElo "1442"]
[BlackElo "1615"]
[PlyCount "62"]
[EventDate "2020.11.12"]
[WhiteTeam "Border Bandits 1"]
[BlackTeam "Hull and Friends 2"]

1. e4 b6 2. Nf3 e6 3. d4 Bb7 4. Nc3 Bb4 5. Bd2 Bxc3 6. Bxc3 Bxe4 7. Qe2 Bb7 8.
d5 Bxd5 9. Bxg7 Nf6 10. Bxh8 Nc6 11. Ne5 Nd4 12. Qe3 Nxc2+ 13. Ke2 Nxe3 14.
Kxe3 d6 15. Nf3 Kd7 16. Bxf6 Qxf6 17. Bb5+ c6 18. Ba4 b5 19. Bc2 Bxf3 20. gxf3
Rg8 21. Bxh7 Qh6+ 22. f4 Qxh7 23. Rad1 d5 24. Kd2 Qe4 25. Kc1 Qxf4+ 26. Kb1 Rg4
27. h3 Rh4 28. Rdg1 Qf5+ 29. Kc1 Rxh3 30. Rxh3 Qxh3 31. Rg7 Qh6+ 0-1

[Event "Junior Online 4NCL Division 2"]
[Site "online"]
[Date "2020.11.12"]
[Round "7.86"]
[White "Triffitt, Bradley"]
[Black "Goodwin, Robert Rhys"]
[Result "1-0"]
[WhiteElo "1555"]
[BlackElo "1318"]
[PlyCount "57"]
[EventDate "2020.11.12"]
[WhiteTeam "Hull and Friends 2"]
[BlackTeam "Border Bandits 1"]

1. d4 d5 2. c4 e6 3. Nc3 g6 4. Nf3 Bg7 5. Bd2 Ne7 6. e3 O-O 7. Be2 Nd7 8. cxd5
Nxd5 9. O-O c5 10. Nxd5 exd5 11. Bc3 cxd4 12. Bxd4 Nf6 13. Bd3 Be6 14. Rc1 b6
15. Ne5 Rc8 16. Qa4 Ng4 17. Nxg4 Bxg4 18. Bxg7 Kxg7 19. Qxg4 Rxc1 20. Rxc1 Qe7
21. Qd4+ Kg8 22. Qxd5 Qf6 23. Qb3 Rd8 24. Qc3 Qd6 25. Bc2 h5 26. h3 b5 27. Qb3
a6 28. Bxg6 Qf6 29. Bxh5 1-0

[Event "Junior Online 4NCL Division 2"]
[Site "online"]
[Date "2020.11.12"]
[Round "7.87"]
[White "Brown, Kingsley"]
[Black "Wood, Philip A"]
[Result "1/2-1/2"]
[WhiteElo "1300"]
[BlackElo "1532"]
[PlyCount "92"]
[EventDate "2020.11.12"]
[WhiteTeam "Border Bandits 1"]
[BlackTeam "Hull and Friends 2"]

1. e4 e5 2. Nf3 Nc6 3. Bc4 Bc5 4. b4 Bb6 5. c3 Nf6 6. Ng5 O-O 7. Qb3 Qe7 8. d3
Ng4 9. Nh3 h6 10. Ba3 d6 11. O-O Be6 12. Nd2 a6 13. Bxe6 fxe6 14. Nc4 Ba7 15.
b5 axb5 16. Qxb5 Rab8 17. Rad1 Qf7 18. Rd2 Kh8 19. Nxd6 Qh5 20. Nxb7 Bxf2+ 21.
Rdxf2 Rxf2 22. Rxf2 Nxf2 23. Nxf2 Qe2 24. g3 Qe1+ 25. Kg2 Qe2 26. Qxc6 Qe3 27.
Qxc7 Rg8 28. Qxe5 Qd2 29. Nd6 Qxa2 30. Nf7+ Kh7 31. Be7 Qa6 32. Ng4 Qc8 33.
Nf6+ gxf6 34. Qxf6 Rg6 35. Qh4 Qxc3 36. Bg5 Qc2+ 37. Kf3 Qxd3+ 38. Kg2 Qe2+ 39.
Kh3 Qf1+ 40. Kg4 Qe2+ 41. Kf4 Qf2+ 42. Ke5 Qc5+ 43. Kf4 Qf2+ 44. Kg4 Qe2+ 45.
Kh3 Qf1+ 46. Kg4 Qe2+ 1/2-1/2

[Event "Junior Online 4NCL Division 2"]
[Site "online"]
[Date "2020.11.12"]
[Round "7.88"]
[White "Meredith, Daniel"]
[Black "Wynn, Jacob"]
[Result "0-1"]
[WhiteElo "1247"]
[BlackElo "1186"]
[PlyCount "88"]
[EventDate "2020.11.12"]
[WhiteTeam "Hull and Friends 2"]
[BlackTeam "Border Bandits 1"]

1. d4 d5 2. c4 e6 3. Nf3 Nf6 4. e3 c5 5. Nc3 Nc6 6. Bd2 b6 7. Be2 Bb7 8. O-O
Bd6 9. b3 O-O 10. Bd3 Qc7 11. e4 dxe4 12. Nxe4 Nxe4 13. Bxe4 Nxd4 14. Bxb7 Qxb7
15. Nxd4 cxd4 16. Qg4 Rad8 17. Rad1 Qc7 18. h3 g6 19. Bh6 Rfe8 20. Rxd4 Bh2+
21. Kh1 Rxd4 22. Qxd4 Be5 23. Qe3 Rd8 24. Re1 Bf4 25. Bxf4 Qe7 26. Bg5 f6 27.
Bh4 Kf7 28. Bg3 e5 29. f4 e4 30. Qxe4 Qxe4 31. Rxe4 Rd2 32. a4 Rd3 33. Be1 Rxb3
34. Kh2 Ra3 35. c5 bxc5 36. a5 Ra1 37. Kg1 Rb1 38. Kf2 a6 39. Rc4 Rb5 40. Ke3
Ke6 41. Ke4 f5+ 42. Kd3 Kd5 43. g4 Rb3+ 44. Ke2 Kxc4 0-1

[Event "Junior Online 4NCL Division 2"]
[Site "online"]
[Date "2020.11.12"]
[Round "7.91"]
[White "Shah, Prem"]
[Black "Santhosh, Alwis Joe"]
[Result "0-1"]
[WhiteElo "1157"]
[BlackElo "1255"]
[PlyCount "158"]
[EventDate "2020.11.12"]
[WhiteTeam "Watford Juniors C"]
[BlackTeam "Ojays F"]

1. e4 e5 2. f4 d6 3. Nf3 Be7 4. fxe5 Nc6 5. exd6 Bxd6 6. Nc3 Nf6 7. d4 Bb4 8.
Bd2 Bxc3 9. Bxc3 Nxe4 10. Qe2 Qe7 11. Bd2 O-O 12. O-O-O Re8 13. Re1 Nd6 14.
Qxe7 Rxe7 15. Rxe7 Nxe7 16. Bd3 Bf5 17. Bxf5 Nexf5 18. d5 h6 19. g4 Ne7 20. g5
h5 21. Ne5 Nxd5 22. Rd1 Re8 23. Nd7 Re7 24. Nc5 b6 25. Nb3 c5 26. Bc3 Nxc3 27.
bxc3 Ne4 28. Re1 Re6 29. Re3 Nxg5 30. Rd3 Re7 31. Nd2 Kh7 32. h4 Ne6 33. Rf3
Kg6 34. Ne4 f5 35. Rg3+ Kh7 36. Nd6 f4 37. Rg1 Rd7 38. Rf1 Rxd6 39. a4 Kg6 40.
Rg1+ Kf5 41. Rf1 Rd5 42. Kb2 Re5 43. Kb3 Re3 44. Kb2 f3 45. Rf2 Kf4 46. Kb3 Re2
47. Rf1 Ke3 48. Kc4 f2 49. Kd5 Nf4+ 50. Kc6 Re1 51. Rxe1+ fxe1=Q 52. Kb7 Qxc3
53. Kxa7 Qxc2 54. Kxb6 Qxa4 55. Kc7 Nd5+ 56. Kd6 Qa8 57. Ke5 Qc6 58. Kf5 g6+
59. Kg5 Qf6+ 60. Kh6 Kf4 61. Kh7 Qe7+ 62. Kxg6 Qf6+ 63. Kxh5 Ke3 64. Kg4 Qf4+
65. Kh5 Nf6+ 66. Kg6 Qxh4 67. Kf7 c4 68. Ke6 c3 69. Kd6 c2 70. Ke5 Qe4+ 71.
Kxf6 Kf4 72. Kg7 Qf5 73. Kg8 Kg5 74. Kg7 Qg6+ 75. Kf8 Qe6 76. Kg7 Kh5 77. Kf8
Qd7 78. Kg8 Kg6 79. Kh8 Qg7# 0-1

[Event "Junior Online 4NCL Division 2"]
[Site "online"]
[Date "2020.11.12"]
[Round "7.92"]
[White "Griffith, Theodore"]
[Black "Chadha, Ishaan"]
[Result "0-1"]
[WhiteElo "1262"]
[BlackElo "1142"]
[PlyCount "56"]
[EventDate "2020.11.12"]
[WhiteTeam "Ojays F"]
[BlackTeam "Watford Juniors C"]

1. e4 e5 2. Nf3 Nc6 3. Bc4 Bc5 4. Nc3 Nf6 5. O-O d6 6. d3 Bg4 7. Be3 O-O 8.
Bxc5 dxc5 9. h3 Bh5 10. Nb5 a6 11. Na3 Nd4 12. g4 Bg6 13. Nxd4 Qxd4 14. c3 Qd6
15. Bb3 b5 16. c4 b4 17. Nc2 Rad8 18. Ne1 h6 19. h4 Qe6 20. h5 Bh7 21. f3 g6
22. Rf2 gxh5 23. gxh5 Nxh5 24. Rg2+ Kh8 25. Bc2 Nf4 26. Rh2 Qg6+ 27. Kh1 Rg8
28. a3 Qg1# 0-1

[Event "Junior Online 4NCL Division 2"]
[Site "online"]
[Date "2020.11.12"]
[Round "7.93"]
[White "Menakaya, Léon"]
[Black "Rivera Machens, Rafael"]
[Result "0-1"]
[WhiteElo "850"]
[BlackElo "1232"]
[PlyCount "24"]
[EventDate "2020.11.12"]
[WhiteTeam "Watford Juniors C"]
[BlackTeam "Ojays F"]

1. e4 e5 2. Nf3 Nc6 3. Bb5 a6 4. Bxc6 dxc6 5. Nxe5 Qd4 6. Nf3 Qxe4+ 7. Kf1 Bg4
8. g3 Bxf3 9. Rg1 Bxd1 10. d3 Be2+ 11. Ke1 Bf3+ 12. Kf1 Qe2# 0-1

[Event "Junior Online 4NCL Division 2"]
[Site "online"]
[Date "2020.11.12"]
[Round "7.94"]
[White "Terrado, Rhianne"]
[Black "Manoj Kumar, Arth"]
[Result "1-0"]
[WhiteElo "1202"]
[BlackElo "850"]
[PlyCount "49"]
[EventDate "2020.11.12"]
[WhiteTeam "Ojays F"]
[BlackTeam "Watford Juniors C"]

1. e4 e5 2. Bc4 Nc6 3. Qh5 Qe7 4. Qd1 Qd8 5. d3 Bc5 6. Nf3 Nd4 7. Nxe5 Qg5 8.
Bxg5 f6 9. Qh5+ g6 10. Nxg6 hxg6 11. Qxh8 Kf8 12. Qxg8+ Ke7 13. Qf7+ Kd6 14.
Qd5+ Ke7 15. Qxc5+ d6 16. Qxd4 Bg4 17. Qxf6+ Kd7 18. Be6+ Kc6 19. Bxg4 Re8 20.
e5 Rxe5+ 21. Be3 Ra5 22. Bf3+ Kb5 23. Qg5+ Ka4 24. Nc3+ Kb4 25. Qf4# 1-0

[Event "Junior Online 4NCL Division 2"]
[Site "online"]
[Date "2020.11.12"]
[Round "7.95"]
[White "Santhosh, Alwis Joe"]
[Black "Shah, Prem"]
[Result "1-0"]
[WhiteElo "1255"]
[BlackElo "1157"]
[PlyCount "107"]
[EventDate "2020.11.12"]
[WhiteTeam "Ojays F"]
[BlackTeam "Watford Juniors C"]

1. e4 c6 2. Nc3 d5 3. exd5 cxd5 4. d4 Nc6 5. Bf4 Nf6 6. Qd2 Bf5 7. Bd3 Bxd3 8.
Qxd3 e6 9. Nb5 Qa5+ 10. Nc3 Bb4 11. Nge2 O-O 12. a3 Bxc3+ 13. Nxc3 Ne4 14. O-O
Rfe8 15. Nxe4 dxe4 16. Qxe4 Rad8 17. Rad1 Qb5 18. b3 Qa5 19. a4 Qb4 20. Bd2
Qxd4 21. Qf3 Ne5 22. Qe2 Rc8 23. Be3 Qe4 24. Rd2 a6 25. Re1 Ng6 26. Rc1 Nh4 27.
f3 Qg6 28. Rcd1 Re7 29. Rd8+ Re8 30. R8d2 Nf5 31. Bf2 a5 32. Rd3 h6 33. R1d2 f6
34. Rd7 Rb8 35. Ba7 Rbd8 36. Rxd8 Rxd8 37. Rxd8+ Kh7 38. Rb8 Qf7 39. Qd3 b6 40.
Bxb6 Qg6 41. Bxa5 Qg5 42. g4 Qc1+ 43. Kg2 Qg5 44. Kf2 Qh4+ 45. Kg2 Qg5 46. Bd2
Qh4 47. gxf5 e5 48. a5 h5 49. a6 Qe4 50. Qxe4 g6 51. fxg6+ Kg7 52. Rb7+ Kf8 53.
a7 Kg8 54. a8=Q# 1-0

[Event "Junior Online 4NCL Division 2"]
[Site "online"]
[Date "2020.11.12"]
[Round "7.96"]
[White "Chadha, Ishaan"]
[Black "Griffith, Theodore"]
[Result "0-1"]
[WhiteElo "1142"]
[BlackElo "1262"]
[PlyCount "32"]
[EventDate "2020.11.12"]
[WhiteTeam "Watford Juniors C"]
[BlackTeam "Ojays F"]

1. e4 e6 2. Nc3 d5 3. d3 Bb4 4. Bd2 dxe4 5. Nxe4 Bxd2+ 6. Qxd2 Nf6 7. Nf3 O-O
8. Be2 b6 9. O-O Bb7 10. Nfg5 Nxe4 11. Nxe4 Bxe4 12. Rad1 Bb7 13. h3 Nd7 14. g3
Nc5 15. d4 Qd5 16. c4 Qg2# 0-1

[Event "Junior Online 4NCL Division 2"]
[Site "online"]
[Date "2020.11.12"]
[Round "7.97"]
[White "Rivera Machens, Rafael"]
[Black "Menakaya, Léon"]
[Result "1-0"]
[WhiteElo "1232"]
[BlackElo "850"]
[PlyCount "43"]
[EventDate "2020.11.12"]
[WhiteTeam "Ojays F"]
[BlackTeam "Watford Juniors C"]

1. e4 e5 2. Nf3 Nc6 3. Bc4 d6 4. Nc3 Bg4 5. h3 Be6 6. Nd5 Nf6 7. Nxf6+ Qxf6 8.
Bb5 Be7 9. d3 O-O 10. Bg5 Qg6 11. Bxc6 bxc6 12. Bxe7 Rfe8 13. Bg5 Rab8 14. Qd2
Rxb2 15. Nh4 Qh5 16. g4 Bxg4 17. hxg4 Qxg4 18. f3 Qc8 19. Bh6 gxh6 20. Qxh6 Qa6
21. Rg1+ Kh8 22. Qg7# 1-0

[Event "Junior Online 4NCL Division 2"]
[Site "online"]
[Date "2020.11.12"]
[Round "7.98"]
[White "Manoj Kumar, Arth"]
[Black "Terrado, Rhianne"]
[Result "0-1"]
[WhiteElo "850"]
[BlackElo "1202"]
[PlyCount "40"]
[EventDate "2020.11.12"]
[WhiteTeam "Watford Juniors C"]
[BlackTeam "Ojays F"]

1. e4 e5 2. Nf3 Nc6 3. Bc4 h6 4. O-O Bc5 5. d3 Nf6 6. Na3 a6 7. Re1 d6 8. Rf1
Bd7 9. Re1 Ng4 10. Rf1 h5 11. Nb1 g5 12. Nc3 h4 13. g3 hxg3 14. hxg3 Ke7 15.
Nd5+ Ke8 16. Bxg5 f6 17. Bxf6 Nxf6 18. Nxf6+ Qxf6 19. Nh2 Qh6 20. Qf3 Qxh2# 0-1

[Event "Junior Online 4NCL Division 2"]
[Site "online"]
[Date "2020.11.12"]
[Round "7.101"]
[White "Wang, Nathaniel"]
[Black "Gauri, Dhairye"]
[Result "0-1"]
[WhiteElo "1262"]
[BlackElo "1510"]
[PlyCount "44"]
[EventDate "2020.11.12"]
[WhiteTeam "Robin Hoods 3"]
[BlackTeam "Uxbridge Juniors A"]

1. e4 e5 2. Nf3 Nc6 3. d4 exd4 4. Bc4 Be7 5. e5 d5 6. exd6 Qxd6 7. O-O Bg4 8.
Re1 O-O-O 9. Qe2 Bf6 10. c3 dxc3 11. Nxc3 Nh6 12. Be3 Rhe8 13. Rad1 Qb4 14. Rd3
Rxd3 15. Qxd3 Bxf3 16. gxf3 Ne5 17. Qd4 Nxf3+ 18. Kf1 Nxd4 19. Nd5 Qxc4+ 20.
Kg1 Nf3+ 21. Kg2 Nxe1+ 22. Kg3 Qg4# 0-1

[Event "Junior Online 4NCL Division 2"]
[Site "online"]
[Date "2020.11.12"]
[Round "7.102"]
[White "Knight, Samuel"]
[Black "Ying, Alexander"]
[Result "1-0"]
[WhiteElo "1300"]
[BlackElo "1187"]
[PlyCount "25"]
[EventDate "2020.11.12"]
[WhiteTeam "Uxbridge Juniors A"]
[BlackTeam "Robin Hoods 3"]

1. d4 d5 2. Bf4 Nc6 3. e3 Bf5 4. Bd3 Nf6 5. Bxf5 e6 6. Bd3 Bd6 7. Bg3 O-O 8. c3
Bxg3 9. hxg3 Qd7 10. Qc2 Ng4 11. Bxh7+ Kh8 12. Bg8+ Kxg8 13. Qh7# 1-0

[Event "Junior Online 4NCL Division 2"]
[Site "online"]
[Date "2020.11.12"]
[Round "7.103"]
[White "Asensio, Tomas"]
[Black "Das, Devorshi"]
[Result "0-1"]
[WhiteElo "1007"]
[BlackElo "1127"]
[PlyCount "124"]
[EventDate "2020.11.12"]
[WhiteTeam "Robin Hoods 3"]
[BlackTeam "Uxbridge Juniors A"]

1. d4 e5 2. Nc3 exd4 3. Qxd4 Nc6 4. Qd1 Nf6 5. Bf4 d5 6. e3 Bd6 7. Bg3 O-O 8.
Bd3 Qe7 9. Nf3 Ne4 10. Nxd5 Qe6 11. Nxc7 Qe7 12. Nxa8 Bf5 13. O-O Rxa8 14. Nh4
Bg6 15. Nxg6 fxg6 16. Bxd6 Qxd6 17. Bxe4 Qf6 18. c3 Rd8 19. Qb3+ Kh8 20. Qxb7
Ne5 21. Qxa7 Qg5 22. Qa5 Nf3+ 23. Bxf3 Qxa5 24. Rad1 Qg5 25. a4 h6 26. b4 Rf8
27. a5 Rxf3 28. a6 Rf7 29. Ra1 Ra7 30. c4 Qg4 31. b5 Qxc4 32. b6 Rxa6 33. b7
Rb6 34. Ra8+ Kh7 35. b8=Q Rxb8 36. Rxb8 g5 37. h3 Kg6 38. Rb6+ Kh5 39. g4+ Kh4
40. Kg2 Qe4+ 41. f3 Qxe3 42. Rb7 Qe2+ 43. Rf2 Qe5 44. Kf1 Kxh3 45. Re2 Qd4 46.
Rb3 Qd1+ 47. Kf2 Qxb3 48. Ke1 Kg3 49. Rf2 Qa3 50. Kf1 Qb3 51. Rg2+ Kxf3 52.
Rf2+ Kxg4 53. Rg2+ Kf5 54. Rf2+ Kg6 55. Kg2 h5 56. Re2 Qd5+ 57. Kf2 h4 58. Kg1
h3 59. Kh2 g4 60. Rb2 Qe5+ 61. Kg1 Qxb2 62. Kh1 Qg2# 0-1

[Event "Junior Online 4NCL Division 2"]
[Site "online"]
[Date "2020.11.12"]
[Round "7.105"]
[White "Gauri, Dhairye"]
[Black "Wang, Nathaniel"]
[Result "1-0"]
[WhiteElo "1510"]
[BlackElo "1262"]
[PlyCount "95"]
[EventDate "2020.11.12"]
[WhiteTeam "Uxbridge Juniors A"]
[BlackTeam "Robin Hoods 3"]

1. e4 c5 2. Nf3 d6 3. d4 cxd4 4. Nxd4 Nf6 5. Nc3 g6 6. Bg5 Bg7 7. Bb5+ Bd7 8.
Bxd7+ Qxd7 9. O-O Nc6 10. Nxc6 Qxc6 11. Qf3 O-O 12. Rfd1 Rad8 13. Nd5 Rfe8 14.
Bxf6 exf6 15. Nxf6+ Bxf6 16. Qxf6 Rd7 17. Qd4 Rxe4 18. Qxa7 Rde7 19. Qb8+ Kg7
20. Qa7 Qe8 21. h3 h5 22. Qa3 g5 23. Qc3+ Kh6 24. Rxd6+ Kh7 25. Qd3 g4 26. hxg4
hxg4 27. f3 f5 28. fxe4 fxe4 29. Qg3 e3 30. Qh4+ Kg8 31. Qxg4+ Rg7 32. Qc4+ Kh8
33. Rh6+ Rh7 34. Qd4+ Kg8 35. Qd5+ Kh8 36. Rxh7+ Kxh7 37. Qxb7+ Kh6 38. Qb6+
Kh7 39. Qa7+ Kh6 40. Re1 e2 41. Qa6+ Kh7 42. Rxe2 Qf8 43. Qd3+ Kg8 44. Qd5+ Kh8
45. Re4 Qg8 46. Rh4+ Kg7 47. Rg4+ Kh8 48. Qxg8# 1-0

[Event "Junior Online 4NCL Division 2"]
[Site "online"]
[Date "2020.11.12"]
[Round "7.106"]
[White "Ying, Alexander"]
[Black "Knight, Samuel"]
[Result "0-1"]
[WhiteElo "1187"]
[BlackElo "1300"]
[PlyCount "66"]
[EventDate "2020.11.12"]
[WhiteTeam "Robin Hoods 3"]
[BlackTeam "Uxbridge Juniors A"]

1. e4 e6 2. d4 d5 3. Nc3 b6 4. Nf3 Bb7 5. exd5 exd5 6. Nxd5 Bxd5 7. Qe2+ Be7 8.
Qb5+ Bc6 9. Qe5 f6 10. Qg3 Bb4+ 11. Bd2 Bxd2+ 12. Kxd2 Qd7 13. Qxg7 Qxg7 14.
Re1+ Ne7 15. Bc4 Nd7 16. d5 Bb7 17. Nd4 O-O-O 18. Nf5 Nxf5 19. Bd3 Qg5+ 20. Re3
Nxe3 21. fxe3 Qxg2+ 22. Be2 Qxh1 23. Bg4 Rhg8 24. Be6 Rg2+ 25. Kd3 Qf1+ 26. Kc3
Qe2 27. Bxd7+ Rxd7 28. e4 Qxc2+ 29. Kd4 Qd2+ 30. Kc4 Qc2+ 31. Kb4 a5+ 32. Kb5
Qc5+ 33. Ka4 Qb4# 0-1